000 00468nam a2200181Ia 4500
001 1251
005 20260306140618.0
008 260306t2009||||xx |||||||||||||| ||spa||
041 _aESP
082 _a190
_bB46
100 _aBerro, Alberto
_eAUT
245 0 _aLa inteligencia como potencia intuitiva:
_bun estudio sobre Santo Tomás de Aquino
260 _c2009
300 _a219 páginas :
_c22 cm.
650 _aGEN
654 _aCHU
942 _cLIB
_dJUS
_fJUS
_2ddc
_n
999 _c1251
_d1251